Holiday Sort - Statistics

General Stats
  • This quiz has been taken 15 times
  • The average score is 9 of 10
Answer Stats
Hint Answer % Correct
Easter April
100%
April Fools April
100%
Christmas December
100%
Valentine's Day February
100%
Independence Day July
100%
St. Patrick's Day March
93%
Thanksgiving November
93%
Hanukkah December
86%
New Year's Day January
86%
Halloween October
86%
No matching quizzes found
Score Distribution
Percent of People with Each Score
Percentile by Number Answered
Your Score History
You have not taken this quiz